000 00582nam a2200241 a 4500
001 nice12345678
003 IN_TiNIC
005 20260116011558.0
008 050524s1923 lona grp 000 0 eng
020 _a
_c100
082 0 0 _a232.1
_bILL
100 _aIllingworth, J R
245 _aPersonality, Human and Divine
260 _aLondon
_bMacmillan and Co.
_c1923
300 _a174p
500 _aincludes index and biblioraphy
505 2 _aindex
650 _aJesus Christ-Divinity
700 1 _aIllingworth, J R
902 _bRBA
942 _cBK
999 _c2720
_d2720